Tests psicométricos y proyectivos (Record no. 129489)

MARC details
000 -LEADER
campo de control de longitud fija 00781nam a2200193 i 4500
001 - NÚMERO DE CONTROL
campo de control 129489
003 - IDENTIFICADOR DE NÚMERO DE CONTROL
campo de control ES-MaACL
005 - FECHA Y HORA DE LA ÚLTIMA TRANSACCIÓN
campo de control 20230906193518.0
007 - CAMPO FIJO DE DESCRIPCIÓN FÍSICA--INFORMACIÓN GENERAL
campo de control de longitud fija t|
008 - DATOS DE LONGITUD FIJA--INFORMACIÓN GENERAL
campo de control de longitud fija 070620s1957 sp a |||| | spa d
245 00 - MENCIÓN DEL TÍTULO
Título Tests psicométricos y proyectivos
Resto del título : al servicio de psiquiatras, forenses, psicólogos, pedagogos, juristas, sociólogos, etc. /
Mención de responsabilidad, etc. Centro de Estudios Psicopedagógicos de la Casa Reformatorio del Salvador de Amurrio.
260 ## - PUBLICACIÓN, DISTRIBUCIÓN, ETC.
Lugar de publicación, distribución, etc. Amurrio (Álava) :
Nombre del editor, distribuidor, etc. S. Católica,
Fecha de publicación, distribución, etc. [1957]
300 ## - DESCRIPCIÓN FÍSICA
Extensión VIII, 175 p. :
Otras características físicas il. ;
Dimensiones 24 cm.
500 ## - NOTA GENERAL
Nota general Es separata de la Revista Surgam...
650 04 - PUNTO DE ACCESO ADICIONAL DE MATERIA--TÉRMINO DE MATERIA
Término de materia o nombre geográfico como elemento de entrada Psicodiagnóstico.
9 (RLIN) 16537
650 ## - PUNTO DE ACCESO ADICIONAL DE MATERIA--TÉRMINO DE MATERIA
Término de materia o nombre geográfico como elemento de entrada Tests proyectivos.
9 (RLIN) 168730
710 2# - ENTRADA AGREGADA--NOMBRE DE ENTIDAD CORPORATIVA
Nombre de entidad corporativa o nombre de jurisdicción como elemento de entrada Centro de Estudios Psicopedagógicos de Amurrio.
9 (RLIN) 168731
852 ## - LOCALIZACIÓN
Ubicación ES-MaACL
Número de control de estantería C-13590
Holdings
Estatus retirado Estado de pérdida Estado de daño No para préstamo Biblioteca de origen Biblioteca actual Ubicación en estantería Fecha de adquisición Fuente de adquisición Total de préstamos Signatura topográfica completa Código de barras Visto por última vez Precio de reemplazo Tipo de ítem Koha
        Biblioteca del Ateneo de Madrid Biblioteca del Ateneo de Madrid Sala Palomar 17/01/2008     C-13590 1134842 23/02/2023 23/02/2023 Libro impreso